LEADER 01036nam a22002651i 4500 001 991002178769707536 005 20030429170359.0 008 030925s1911 fr |||||||||||||||||fre 035 $ab12253066-39ule_inst 035 $aARCHE-030068$9ExL 040 $aBiblioteca Interfacoltà$bita$cA.t.i. Arché s.c.r.l. Pandora Sicilia s.r.l. 082 04$a487.4 100 1 $aRobertson, Archibald Thomas$0452032 245 10$aGrammaire du grec du Nouveau Testament /$cpar A.T. Robertson, A. M., D. D. ; traduite sur la second édition par E. Montet 250 $a2. ed. 260 $aParis :$bLibraire Paul Geuthner,$c1911 300 $a1 v. ;$c21 cm 650 4$aLingua greca biblica 700 1 $aMontet, E. 907 $a.b12253066$b02-04-14$c08-10-03 912 $a991002178769707536 945 $aLE002 Gr. III B 7$g1$i2002000732590$lle002$o-$pE0.00$q-$rn$so $t0$u0$v0$w0$x0$y.i12641406$z08-10-03 996 $aGrammaire du grec du Nouveau Testament$9154927 997 $aUNISALENTO 998 $ale002$b08-10-03$cm$da $e-$ffre$gfr $h0$i1 LEADER 02559nam 2200505 450 001 9910583062803321 005 20230718001056.0 010 $a0-12-811273-5 010 $a0-12-811272-7 035 $a(CKB)4100000002779900 035 $a(MiAaPQ)EBC5326871 035 $a(CaSebORM)9780128112731 035 $a(PPN)231739273 035 $a(EXLCZ)994100000002779900 100 $a20180414h20182018 uy 0 101 0 $aeng 135 $aur|n#|||||||| 181 $2rdacontent 181 $2rdacontent 182 $2rdamedia 183 $2rdacarrier 200 00$aAging, technology and health /$fedited by Richard Pak, Anne Collins McLaughlin 205 $a1st edition 210 1$aLondon, England :$cAcademic Press,$d2018. 210 4$d©2018 215 $a1 online resource (304 pages) $cillustrations, tables 320 $aIncludes bibliographical references at the end of each chapters and index. 330 $aAging, Health and Technology takes a problem-centered approach to examine how older adults use technology for health. It examines the many ways in which technology is being used by older adults, focusing on challenges, solutions and perspectives of the older user. Using aging-health technology as a lens, the book examines issues of technology adoption, basic human factors, cognitive aging, mental health, aging and usability, privacy, trust and automation. Each chapter takes a case study approach to summarize lessons learned from unique examples that can be applied to similar projects, while also providing general information about older adults and technology. Discusses human factors design challenges specific to older adults Covers the wide range of health-related uses for technology?from fitness to leading a more engaged life Utilizes a case study approach for practical application Envisions what the future will hold for technology and older adults Employs a roster of interdisciplinary contributors 606 $aOlder people$xHealth and hygiene 606 $aGeriatrics$xTechnological innovations 606 $aTechnology and older people 615 0$aOlder people$xHealth and hygiene. 615 0$aGeriatrics$xTechnological innovations. 615 0$aTechnology and older people. 676 $a613.0438 700 $aPak$b Richard$0889912 702 $aPak$b Richard 702 $aMcLaughlin$b Anne 801 0$bMiAaPQ 801 1$bMiAaPQ 801 2$bMiAaPQ 906 $aBOOK 912 $a9910583062803321 996 $aAging, technology and health$91988308 997 $aUNINA